| 000 | 00969nam a22002417a 4500 | ||
|---|---|---|---|
| 999 |
_c5985 _d5985 |
||
| 003 | AR-CdUCM | ||
| 008 | 190313b ||||| |||| 00| 0 spa d | ||
| 040 |
_aMUNICIPALIDAD PROVINCIAL DEL CUSCO _cBIBLIOTECA MUNICIPAL DEL CUSCO |
||
| 082 |
_a323.4 / _bM75 |
||
| 100 |
_aMolchánov, Vladimir _917532 |
||
| 245 | _aNuestra libertad de conciencia / | ||
| 260 |
_aMoscú : _bAgencia de prensa nóvosti, _c1983. |
||
| 300 |
_a92 paginas ; _bIlustraciones, _c17 cm. |
||
| 500 | _aDonación de la familia Nieto | ||
| 505 | _aArquieparca de Volokolamsk pitirim "rezo por que reine la paz en el mundo" -- Jeque Bdulgani Abdulla: los principio del islam y el socialismo coinciden en mucho -- Profesamos libremente nuestra fé -- Los intereses del estado so los nuestros ... | ||
| 650 |
_aSocialismo _91037 |
||
| 650 |
_aIslan _917533 |
||
| 650 |
_aConciencia _911784 |
||
| 650 |
_aLibertad _92892 |
||
| 700 |
_aSegura, Consuelo _917534 |
||
| 942 |
_2ddc _cLIBROS |
||
| 945 | _aacv | ||